All CTA Purple Line Stations - Statistics

General Stats
  • This quiz has been taken 25 times
    24 since last reset
  • The average score is 16 of 26
Answer Stats
Answer % Correct
Central
88%
Clark/Lake
88%
Davis
88%
Dempster
88%
Foster
88%
Howard
88%
Main
88%
Noyes
75%
Stale/Lake
75%
Belmont
63%
Chicago
63%
Fullerton
63%
Linden
63%
South Boulevard
63%
Wilson
63%
Merchandise Mart
50%
Wellington
50%
Adams/Wabash
38%
Armitage
38%
Diversey
38%
Quincy
38%
Sedgwick
38%
Washington/Wabash
38%
Washington/Wells
38%
Harold Washington Library
25%
LaSalle/Van Buren
25%
No matching quizzes found
Score Distribution
Percent of People with Each Score
Percentile by Number Answered
Your Score History
You have not taken this quiz since the last reset